000 00682nam a2200241Ia 4500
003 OSt
005 20220928105126.0
006 a|||||r|||| 00| 0
007 ta
008 220927b |||||||| |||| 00| 0 eng d
024 _a61804
037 _cTextual
040 _aSDCL
_cSDCL
_beng
041 _2eng
_aeng
082 _aV2y7M97, P6
100 _aGupta Vishwa Prakash
_9401812
245 0 _aSubhash Chandra Bose
_b Vyakti aur vichar
260 _aNew Delhi
_bRadha Publications
_c2006
300 _a334p
_ccm.
700 _a Gupta Mohini
_9413942
942 _hV2y7M97, P6
_cTEXL
_2CC
999 _c729750
_d729750